Canadian Mammals by Picture - Statistics

General Stats
  • This quiz has been taken 70 times
  • The average score is 16 of 18
Answer Stats
Picture Answer % Correct
North American {Beaver}
98%
Orca
98%
Grizzly Bear
97%
Red {Fox}
97%
River {Otter}
97%
Snowshoe {Hare}
97%
American red {Squirrel}
95%
Bison
95%
Grey {Seal}
95%
Moose
95%
Raccoon
95%
Striped {Skunk}
95%
Eastern {Chipmunk}
90%
Canada {Lynx}
88%
Reindeer
88%
{Humpback} Whale
75%
North American {Porcupine}
69%
Pronghorn
54%
No matching quizzes found
Score Distribution
Percent of People with Each Score
Percentile by Number Answered
Your Score History
You have not taken this quiz